| 000 | 00424cam a22001337a 4500 | ||
|---|---|---|---|
| 008 | 180718b2009 xxu||||| |||| 00| 0 eng d | ||
| 020 | _a9780195693201 | ||
| 082 | _aQ03 Sh18 | ||
| 100 | _aShankar, Shylashri | ||
| 245 |
_aScaling justice: India's supreme court, anti-terror laws, and social rights _cby Shylashri Shankar |
||
| 260 |
_aNew Delhi _bOxford _c2009 |
||
| 300 | _a230p. | ||
| 650 | _aAnti Terror Laws --Supreme Court | ||
| 999 |
_c413692 _d413692 |
||